000 01335cam a22003494a 4500
001 103366
005 20230410143533.0
008 080417s2009 nyua 001 0 eng c
035 _a15265797
925 0 _aacquire
_b2 shelf copies
_xpolicy default
942 _2lcc
_cbk
010 _a 2008927423
020 _a0764161369
020 _a9780764161360
035 _a(OCoLC)ocn246897974
040 _aBTCTA
_cBTCTA
_dYDXCP
_dSVP
_dNAB
_dWAU
_dVP@
_dMOF
_dCO3
_dDLC
042 _apcc
050 1 4 _aT 15
_bO58 2009
245 0 0 _a1001 inventions that changed the world /
_cgeneral editor, Jack Challoner ; preface by Trevor Baylis.
246 3 _aOne thousand and one inventions that changed the world
250 _a1st U.S. ed.
260 _aHauppauge, NY :
_bBarron's,
_c2009.
300 _a960 p. :
_bill. (some col.) ;
_c22 cm.
500 _aIncludes index.
520 _aPresents a review of technological innovations and inventions, from the ancient world to the present day.
650 0 _aInventions
_xHistory.
650 0 _aTechnological innovations.
700 1 _aChalloner, Jack.
856 4 2 _3Contributor biographical information
_uhttp://www.loc.gov/catdir/enhancements/fy1005/2008927423-b.html
856 4 2 _3Publisher description
_uhttp://www.loc.gov/catdir/enhancements/fy1005/2008927423-d.html
946 _aNBM
999 _c103482
_d103482